Polyfunkčný bytový dom

Saved in:
Bibliographic Details
Main Author: Klemon, Jakub (Author)
Other Authors: Hain, Vladimír (Thesis advisor)
Format: Manuscript Book
Language:Slovak
Published: Bratislava 2018
Subjects:
Online Access:http://is.stuba.sk/zp/portal_zp.pl?podrobnosti=120030
Tags: Add Tag
No Tags, Be the first to tag this record!

MARC

LEADER 00000ntm a22000003a 4500
001 stuzp69254
003 SK-STU
005 20210115102257.2
007 ta
008 150427s2015----xo-----f-mn---000-0-slo-d
040 |a STU  |b slo 
041 0 |a slo 
100 1 |a Klemon, Jakub  |u 054140  |4 aut  |U FAD Fakulta architektúry  |T FA Ústav konštrukcií v architektúre a inžinierskych stavieb  |X 77057  |U A4140  |Y 395  |7 77057 
242 0 1 |a Polyfunctional Residential Building  |y eng 
245 1 0 |a Polyfunkčný bytový dom 
260 |c 2018  |a Bratislava 
650 4 |a Dúbravka  |2 slo 
650 4 |a polyfunkčná budova  |2 slo 
650 4 |a Občianska vybavenosť  |2 slo 
650 4 |a polyfunkcional building  |2 eng 
650 4 |a Apartments  |2 eng 
650 4 |a Dúbravka  |2 eng 
700 1 |a Hain, Vladimír  |u 054140  |k Z1  |4 ths  |U FAD Fakulta architektúry  |T FA Ústav konštrukcií v architektúre a inžinierskych stavieb  |X 27763  |U A4140  |Y 395  |7 A000027763 
856 4 |u http://is.stuba.sk/zp/portal_zp.pl?podrobnosti=120030  |u https://opac.crzp.sk/?fn=detailBiblioForm&sid=233ADDCA5EB56A1009E43131D49A